Statistiques concernant Pays qualifiés à la coupe du monde 2022

Cliquez ici pour prendre le quiz!

Statistiques générales

  • Ce quiz a été pris 146 fois
  • Le résultat moyen est 26 sur 32

Statistiques - réponses

HintRéponse% Correct
Groupe DFrance
100%
Groupe CArgentine
97%
Groupe EEspagne
97%
Groupe EAllemagne
95%
Groupe FMaroc
95%
Groupe EJapon
93%
Groupe HPortugal
91%
Groupe BAngleterre
89%
Groupe AQatar
89%
Groupe GBrésil
88%
Groupe CArabie Saoudite
85%
Groupe BÉtats-Unis
85%
Groupe DAustralie
84%
Groupe APays-Bas
84%
Groupe FBelgique
82%
Groupe DDanemark
82%
Groupe HCorée du Sud
79%
Groupe ASénégal
79%
Groupe DTunisie
79%
Groupe FCanada
78%
Groupe FCroatie
76%
Groupe GSuisse
75%
Groupe CPologne
74%
Groupe GCameroun
72%
Groupe CMexique
71%
Groupe AÉquateur
69%
Groupe BIran
66%
Groupe HUruguay
63%
Groupe ECosta Rica
62%
Groupe HGhana
62%
Groupe BPays de galles
57%
Groupe GSerbie
53%

Distribution des résultats

Percentile par nombre de réponses

% des personnes avec chaque résultat

Votre développement - résultats

Vous n’avez pas pris ce quiz